Già làng và trường ca sử thi trong văn hóa Tây Nguyên
Giới thiệu chung về già làng Tây Nguyên. Trường ca sử thi trong môi trường văn hoá Tây Nguyên
Đã lưu trong:
| 主要作者: | |
|---|---|
| 格式: | 圖書 |
| 語言: | Undetermined |
| 出版: |
Hà Nội
Văn hóa Thông tin
2014
|
| 主題: | |
| 標簽: |
添加標簽
沒有標簽, 成為第一個標記此記錄!
|
| Thư viện lưu trữ: | Trung tâm Học liệu Trường Đại học Cần Thơ |
|---|
| LEADER | 00752nam a2200205Ia 4500 | ||
|---|---|---|---|
| 001 | CTU_190967 | ||
| 008 | 210402s9999 xx 000 0 und d | ||
| 082 | |a 398.095976 | ||
| 082 | |b L312 | ||
| 100 | |a Linh Nga Niê Kdam | ||
| 245 | 0 | |a Già làng và trường ca sử thi trong văn hóa Tây Nguyên | |
| 245 | 0 | |c Linh Nga Niê Kdam | |
| 260 | |a Hà Nội | ||
| 260 | |b Văn hóa Thông tin | ||
| 260 | |c 2014 | ||
| 520 | |a Giới thiệu chung về già làng Tây Nguyên. Trường ca sử thi trong môi trường văn hoá Tây Nguyên | ||
| 650 | |a Folklore,Văn hóa dân gian | ||
| 650 | |z Vietnam,Việt Nam | ||
| 910 | |a Hải | ||
| 980 | |a Trung tâm Học liệu Trường Đại học Cần Thơ | ||